Eurovision winners - Statistics

General Stats
  • This quiz has been taken 18 times
  • The average score is 24 of 30
Answer Stats
Year Country % Correct
1993 Ireland
94%
2022 Ukraine
94%
1994 Ireland
88%
2023 Sweden
88%
2014 Austria
82%
2000 Denmark
82%
2013 Denmark
82%
2006 Finland
82%
2010 Germany
82%
2005 Greece
82%
1996 Ireland
82%
1998 Israel
82%
2018 Israel
82%
2021 Italy
82%
2009 Norway
82%
2017 Portugal
82%
2012 Sweden
82%
2004 Ukraine
82%
1997 United Kingdom
82%
2011 Azerbaijan
76%
2001 Estonia
76%
2002 Latvia
76%
1995 Norway
76%
2008 Russia
76%
2007 Serbia
76%
1999 Sweden
76%
2015 Sweden
76%
2019 The Netherlands
76%
2003 Turkey
76%
2016 Ukraine
76%
No matching quizzes found
Score Distribution
Percent of People with Each Score
Percentile by Number Answered
Your Score History
You have not taken this quiz